| 000 | 00514nam a2200181Ia 4500 | ||
|---|---|---|---|
| 003 | OSt | ||
| 005 | 20221203120428.0 | ||
| 008 | 211109s9999||||xx |||||||||||||| ||und|| | ||
| 040 | _cSBCL | ||
| 082 |
_a894.8124 _bTHA-A |
||
| 100 | _aTharakan, K M | ||
| 245 | 0 | _aAdhunika Noveldrasanam | |
| 260 |
_bSahithya Pravarthaka... _aKottayam _c1982 |
||
| 300 | _a265p | ||
| 630 | _xGeneral Stack | ||
| 650 |
_aLiterature & rhetoric _vLiteratures of other languages _2Altaic, Uralic, Hyperborean & Dravidian |
||
| 942 | _cBOOK | ||
| 999 |
_c92760 _d92760 |
||